Leader xxxxxxxxxx
001 __ PCLIS00044944
005 __ 20210616112017.0
010 0_ |a957-32-2906-4|b套 : 平裝|dNT$500
010 0_ |a957-32-2907-2|b第一冊 : 平裝|dNT$250
010 0_ |a957-32-2908-0|b第二冊 : 平裝|dNT$250
100 __ |a20121119d19961956m y0chiy09 e
101 0_ |achi
102 __ |atw
105 __ |aaf z 000ay
200 1_ |a書劍恩仇錄|dBook and sword, gratitude and revenge|zeng|f金庸著
205 __ |a三版
210 __ |a臺北市|c遠流|d1996[民85]
215 0_ |a2冊(870面, 圖版[32]面)|c部分彩圖|d21公分
225 2_ |a金庸作品集|v1-2
300 __ |a著者原名查良鏞
410 _1 |12001 |a金庸作品集|v1-2
510 1_ |aBook and sword, gratitude and revenge|zeng
606 __ |2cst|a武俠小說
681 __ |a857.9|b864
700 _0 |a金庸|4著
801 _0 |atw|b內湖高中|c20121119|gCCR
|